000 00304nam a2200121Ia 4500
008 190415s9999 xx 000 0 und d
082 _aRK.0147
100 _aKhan, Mumtaj Ali
245 0 _aIdentity formation and self identity among the Harijan elite
260 _c1982
300 _a373p.
942 _cBK
999 _c14998
_d14998